Die Fledermaus : operette in drei Aufzügen (Record no. 172080)

MARC details
000 -LEADER
campo de control de longitud fija 00999nam a2200241 i 4500
001 - NÚMERO DE CONTROL
campo de control 172080
003 - IDENTIFICADOR DE NÚMERO DE CONTROL
campo de control ES-MaACL
005 - FECHA Y HORA DE LA ÚLTIMA TRANSACCIÓN
campo de control 20250524144037.0
008 - DATOS DE LONGITUD FIJA--INFORMACIÓN GENERAL
campo de control de longitud fija 090612s1982 fr |||| | fre d
080 ## - NÚMERO DE LA CLASIFICACIÓN DECIMAL UNIVERSAL
Número de la Clasificación Decimal Universal 782.6
100 1# - ENTRADA PRINCIPAL--NOMBRE DE PERSONA
Nombre de persona Haffner, Carl.
9 (RLIN) 140665
245 14 - MENCIÓN DEL TÍTULO
Título Die Fledermaus : operette in drei Aufzügen
Resto del título = La Chauve-souris : opérette en trois actes /
Mención de responsabilidad, etc. musique de Johann Strauss (1825-1899) ; texte de Carl Haffner et Richard Genée, d'après "Le Réveillon" de H. Meilhac et L. Halévy ; traduction française de Nicole Casanova.
246 11 - FORMA VARIANTE DEL TITULO
Título propio/Titulo breve La Chauve-souris
260 ## - PUBLICACIÓN, DISTRIBUCIÓN, ETC.
Lugar de publicación, distribución, etc. Paris :
Nombre del editor, distribuidor, etc. Gerard Billaudot,
Fecha de publicación, distribución, etc. 1982.
300 ## - DESCRIPCIÓN FÍSICA
Extensión 259 p. ;
Dimensiones 18 cm.
490 1# - MENCIÓN DE SERIE
Mención de serie Opéra de Paris. Bilingue
650 #4 - PUNTO DE ACCESO ADICIONAL DE MATERIA--TÉRMINO DE MATERIA
Término de materia o nombre geográfico como elemento de entrada Operetas-
Subdivisión de forma Libretos.
9 (RLIN) 139352
700 1# - ENTRADA AGREGADA--NOMBRE PERSONAL
Nombre de persona Genée, Richard.
9 (RLIN) 140664
700 1# - ENTRADA AGREGADA--NOMBRE PERSONAL
Nombre de persona Strauss, Johann,
Fechas asociadas al nombre 1825-1899
9 (RLIN) 240704
830 0# - PUNTO DE ACCESO ADICIONAL DE SERIE-TÍTULO UNIFORME
Título uniforme Opéra de Paris. Bilingue
9 (RLIN) 189043
852 4# - LOCALIZACIÓN
Ubicación ES-MaACL
Número de control de estantería E-12698
itemnumber R.190296
Nota libre . - Biblioteca Jacinto Martínez Lacalle
Holdings
Estatus retirado Estado de pérdida Estado de daño No para préstamo Biblioteca de origen Biblioteca actual Ubicación en estantería Fecha de adquisición Fuente de adquisición Total de préstamos Signatura topográfica completa Código de barras Visto por última vez Precio de reemplazo Tipo de ítem Koha
        Biblioteca del Ateneo de Madrid Biblioteca del Ateneo de Madrid Depósito 2 12/06/2009     E-12698 1180586 23/02/2023 23/02/2023 Libro impreso